Recyklace potravinářských obalů

Salvato in:
Dettagli Bibliografici
Autore principale: Moravová, E.
Altri autori: Čurdová, M.
Natura: Libro
Lingua:ceco
Pubblicazione: Praha Výzkumný ústav potr. prům. 1988
Edizione:1. vyd.
Tags: Aggiungi Tag
Nessun Tag, puoi essere il primo ad aggiungerne!!

MARC

LEADER 00000nam a2200000 4500
001 c032594
005 20221219085637.3
041 0 |a cze 
044 |a CZ 
245 1 0 |a Recyklace potravinářských obalů  |c E. Moravová, M. Čurdová 
250 |a 1. vyd. 
264 1 |a Praha  |b Výzkumný ústav potr. prům.  |c 1988 
300 |a 94 s. 
100 1 |a Moravová, E. 
700 1 |a Čurdová, M.